| 000 | 00415nam a2200193Ia 4500 | ||
|---|---|---|---|
| 005 | 20250425161140.0 | ||
| 008 | 250425s9999 xx 000 0 und d | ||
| 041 | _aspa | ||
| 043 | _asp | ||
| 082 | _a671.2 | ||
| 100 | _aBRUNHUBER, ERNST | ||
| 245 | 0 | _aFUNDICION A PRESION | |
| 250 | _a1A ED. | ||
| 260 | _aBARCELONA | ||
| 260 |
_aEspaƱa _bGILI _c1972 |
||
| 300 | _a338 | ||
| 942 | _c01 | ||
| 010 | _a13791 | ||
| 999 |
_c203399 _d203399 |
||